[Event "DVM U10 2020"]
[Site "Magdeburg GER"]
[Date "2021.08.07"]
[Round "5"]
[White "Lu, Yunong Elias"]
[Black "Dell, Philip"]
[Result "1-0"]
[Termination "normal"]
[Board "1.2"]
[WhiteElo "1557"]
[BlackElo "1218"]
[WhiteClock "00:32:12"]
[BlackClock "00:31:12"]
[WhiteTeam "Hamburger SK von 1830 eV"]
[BlackTeam "Düsseldorfer Schachverein 1854"]
[PlyCount "46"]
[WhiteFideId "16276426"]
[BlackFideId "34619585"]
[EventCountry "GER"]
[EventRounds "7"]
[EventType "team-swiss"]
[EventDate "2021.08.06"]

1. e4 {[%clk 00:55:07]} {[%emt 00:00:01]} e5 {[%clk 00:55:07]} {[%emt
00:00:05]} 2. Nf3 {[%clk 00:54:57]} {[%emt 00:00:13]} Nc6 {[%clk 00:55:10]}
{[%emt 00:00:03]} 3. Bb5 {[%clk 00:54:44]} {[%emt 00:00:18]} Nf6 {[%clk
00:55:07]} {[%emt 00:00:08]} 4. d3 {[%clk 00:54:41]} {[%emt 00:00:08]} d6
{[%clk 00:54:44]} {[%emt 00:00:29]} 5. O-O {[%clk 00:54:04]} {[%emt 00:00:40]}
Bg4 {[%clk 00:54:41]} {[%emt 00:00:09]} 6. Nbd2 {[%clk 00:53:32]} {[%emt
00:00:35]} a6 {[%clk 00:54:23]} {[%emt 00:00:25]} 7. Ba4 {[%clk 00:53:17]}
{[%emt 00:00:20]} Be7 {[%clk 00:53:56]} {[%emt 00:00:32]} 8. c3 {[%clk
00:52:55]} {[%emt 00:00:26]} b5 {[%clk 00:53:39]} {[%emt 00:00:23]} 9. Bc2
{[%clk 00:52:45]} {[%emt 00:00:15]} O-O {[%clk 00:53:36]} {[%emt 00:00:08]} 10.
Re1 {[%clk 00:52:18]} {[%emt 00:00:32]} b4 {[%clk 00:50:40]} {[%emt 00:03:02]}
11. Nf1 {[%clk 00:49:39]} {[%emt 00:02:40]} Qd7 {[%clk 00:49:10]} {[%emt
00:01:39]} 12. h3 {[%clk 00:47:42]} {[%emt 00:02:02]} Bh5 {[%clk 00:48:36]}
{[%emt 00:00:38]} 13. Ng3 {[%clk 00:47:18]} {[%emt 00:00:29]} Bg6 {[%clk
00:47:55]} {[%emt 00:00:46]} 14. cxb4 {[%clk 00:44:55]} {[%emt 00:02:28]} Nh5
{[%clk 00:44:45]} {[%emt 00:03:15]} 15. a3 {[%clk 00:41:37]} {[%emt 00:03:23]}
Nxg3 {[%clk 00:43:27]} {[%emt 00:01:23]} 16. fxg3 {[%clk 00:41:16]} {[%emt
00:00:24]} f5 {[%clk 00:42:17]} {[%emt 00:01:17]} 17. exf5 {[%clk 00:39:15]}
{[%emt 00:02:05]} Qxf5 {[%clk 00:41:54]} {[%emt 00:00:29]} 18. g4 {[%clk
00:38:33]} {[%emt 00:00:47]} Qf7 {[%clk 00:36:38]} {[%emt 00:05:22]} 19. Bb3
{[%clk 00:35:56]} {[%emt 00:02:42]} d5 {[%clk 00:36:26]} {[%emt 00:00:16]} 20.
Qc2 {[%clk 00:35:48]} {[%emt 00:00:14]} Nd4 {[%clk 00:33:52]} {[%emt 00:02:39]}
21. Nxd4 {[%clk 00:34:43]} {[%emt 00:01:10]} exd4 {[%clk 00:33:23]} {[%emt
00:00:34]} 22. Bf4 {[%clk 00:32:10]} {[%emt 00:02:37]} Bh4 {[%clk 00:32:22]}
{[%emt 00:01:06]} 23. Rf1 {[%clk 00:32:12]} {[%emt 00:00:04]} Qe6 {[%clk
00:31:12]} {[%emt 00:01:14]} 1-0

[Event "DVM U10 2020"]
[Site "Magdeburg GER"]
[Date "2021.08.07"]
[Round "5"]
[White "Teng, David"]
[Black "Braun, Julian"]
[Result "0-1"]
[Termination "normal"]
[Board "1.3"]
[WhiteElo "1380"]
[BlackElo "1436"]
[WhiteClock "00:13:01"]
[BlackClock "00:25:07"]
[WhiteTeam "Düsseldorfer Schachverein 1854"]
[BlackTeam "Hamburger SK von 1830 eV"]
[PlyCount "80"]
[WhiteFideId "34604570"]
[BlackFideId "16289293"]
[EventCountry "GER"]
[EventRounds "7"]
[EventType "team-swiss"]
[EventDate "2021.08.06"]

1. e4 {[%emt 00:00:04]} e5 2. Nf3 {[%clk 00:55:01]} {[%emt 00:00:08]} Nc6
{[%clk 00:55:14]} 3. Bb5 {[%clk 00:54:36]} {[%emt 00:00:31]} a6 {[%clk
00:55:14]} {[%emt 00:00:06]} 4. Ba4 {[%clk 00:54:34]} {[%emt 00:00:06]} Nf6
{[%clk 00:55:15]} {[%emt 00:00:05]} 5. O-O {[%clk 00:54:24]} {[%emt 00:00:14]}
Be7 {[%clk 00:55:16]} {[%emt 00:00:05]} 6. Re1 {[%clk 00:53:55]} {[%emt
00:00:34]} b5 {[%clk 00:55:14]} {[%emt 00:00:07]} 7. Bb3 {[%clk 00:53:52]}
{[%emt 00:00:08]} d6 {[%clk 00:55:16]} {[%emt 00:00:03]} 8. c3 {[%clk
00:53:24]} {[%emt 00:00:33]} O-O {[%clk 00:55:15]} {[%emt 00:00:06]} 9. d3
{[%clk 00:52:53]} {[%emt 00:00:36]} Bg4 {[%clk 00:54:36]} {[%emt 00:00:43]} 10.
Nbd2 {[%clk 00:52:25]} {[%emt 00:00:31]} Na5 {[%clk 00:52:07]} {[%emt
00:02:37]} 11. Bc2 {[%clk 00:52:12]} {[%emt 00:00:17]} c5 {[%clk 00:50:59]}
{[%emt 00:01:14]} 12. Nf1 {[%clk 00:51:09]} {[%emt 00:01:08]} Qc7 {[%clk
00:49:19]} {[%emt 00:01:45]} 13. h3 {[%clk 00:50:56]} {[%emt 00:00:18]} Be6
{[%clk 00:48:57]} {[%emt 00:00:26]} 14. Ng3 {[%clk 00:50:08]} {[%emt 00:00:52]}
Nd7 {[%clk 00:46:48]} {[%emt 00:02:16]} 15. Bg5 {[%clk 00:49:26]} {[%emt
00:00:47]} Nb6 {[%clk 00:45:40]} {[%emt 00:01:13]} 16. Qd2 {[%clk 00:45:49]}
{[%emt 00:03:42]} Bxg5 {[%clk 00:42:11]} {[%emt 00:03:34]} 17. Qxg5 {[%clk
00:42:35]} {[%emt 00:03:19]} Qd8 {[%clk 00:39:53]} {[%emt 00:02:23]} 18. Qe3
{[%clk 00:41:44]} {[%emt 00:00:49]} h6 {[%clk 00:39:00]} {[%emt 00:01:05]} 19.
d4 {[%clk 00:40:43]} {[%emt 00:01:06]} cxd4 {[%clk 00:37:51]} {[%emt 00:01:13]}
20. cxd4 {[%clk 00:39:13]} {[%emt 00:01:34]} Rc8 {[%clk 00:37:29]} {[%emt
00:00:28]} 21. Bd3 {[%clk 00:38:08]} {[%emt 00:01:11]} Nbc4 {[%clk 00:36:46]}
{[%emt 00:00:47]} 22. Qe2 {[%clk 00:36:19]} {[%emt 00:01:54]} exd4 {[%clk
00:36:24]} {[%emt 00:00:27]} 23. Nxd4 {[%clk 00:35:09]} {[%emt 00:01:14]} Qf6
{[%clk 00:35:42]} {[%emt 00:00:49]} 24. Nxe6 {[%clk 00:34:38]} {[%emt
00:00:33]} fxe6 {[%clk 00:35:39]} {[%emt 00:00:10]} 25. Nh5 {[%clk 00:33:21]}
{[%emt 00:01:22]} Qxb2 {[%clk 00:35:05]} {[%emt 00:00:38]} 26. Bxc4 {[%clk
00:29:45]} {[%emt 00:03:42]} Nxc4 {[%clk 00:34:47]} {[%emt 00:00:24]} 27. Qg4
{[%clk 00:28:36]} {[%emt 00:01:14]} Qxf2+ {[%clk 00:32:47]} {[%emt 00:02:05]}
28. Kh1 {[%clk 00:27:24]} {[%emt 00:01:17]} Qf7 {[%clk 00:32:32]} {[%emt
00:00:20]} 29. Rf1 {[%clk 00:26:10]} {[%emt 00:01:18]} Qe7 {[%clk 00:32:24]}
{[%emt 00:00:13]} 30. Rxf8+ {[%clk 00:24:26]} {[%emt 00:01:49]} Rxf8 {[%clk
00:32:26]} {[%emt 00:00:03]} 31. Nf4 {[%clk 00:22:24]} {[%emt 00:02:08]} Rf6
{[%clk 00:28:48]} {[%emt 00:03:42]} 32. Nh5 {[%emt 00:02:37]} Rf7 {[%clk
00:28:34]} {[%emt 00:00:17]} 33. Nf4 {[%clk 00:18:30]} {[%emt 00:01:29]} Qf6
{[%clk 00:28:21]} {[%emt 00:00:18]} 34. Qxe6 {[%clk 00:17:48]} {[%emt
00:00:40]} Qxa1+ {[%clk 00:28:08]} {[%emt 00:00:24]} 35. Kh2 {[%clk 00:17:24]}
{[%emt 00:00:31]} Qf6 {[%clk 00:27:46]} {[%emt 00:00:26]} 36. Qe8+ {[%clk
00:14:27]} {[%emt 00:03:01]} Rf8 {[%clk 00:27:46]} {[%emt 00:00:06]} 37. Qd7
{[%clk 00:14:16]} {[%emt 00:00:16]} Qxf4+ {[%clk 00:27:42]} {[%emt 00:00:10]}
38. Kh1 {[%clk 00:14:13]} {[%emt 00:00:08]} Qf7 {[%clk 00:26:23]} {[%emt
00:01:24]} 39. Qc6 {[%clk 00:13:31]} {[%emt 00:00:47]} Ne3 {[%clk 00:25:20]}
{[%emt 00:01:07]} 40. e5 {[%clk 00:13:01]} {[%emt 00:00:35]} d5 {[%clk
00:25:07]} {[%emt 00:00:19]} 0-1

[Event "DVM U10 2020"]
[Site "Magdeburg GER"]
[Date "2021.08.07"]
[Round "5"]
[White "Wang, Kaiwen"]
[Black "Kovalskyy, Alicia"]
[Result "1-0"]
[Termination "normal"]
[Board "1.4"]
[WhiteElo "1068"]
[BlackElo "794"]
[WhiteClock "00:38:16"]
[BlackClock "00:30:46"]
[WhiteTeam "Hamburger SK von 1830 eV"]
[BlackTeam "Düsseldorfer Schachverein 1854"]
[PlyCount "89"]
[WhiteFideId "16279514"]
[BlackFideId "34612130"]
[EventCountry "GER"]
[EventRounds "7"]
[EventType "team-swiss"]
[EventDate "2021.08.06"]

1. e4 {[%clk 00:55:08]} {[%emt 00:00:02]} e5 {[%clk 00:55:05]} {[%emt
00:00:05]} 2. Nf3 {[%clk 00:55:10]} {[%emt 00:00:04]} Nc6 {[%clk 00:55:06]}
{[%emt 00:00:04]} 3. Nc3 {[%clk 00:55:11]} {[%emt 00:00:04]} Nf6 {[%clk
00:55:06]} 4. d4 {[%clk 00:55:12]} {[%emt 00:00:09]} exd4 {[%clk 00:54:59]} 5.
Nxd4 {[%clk 00:55:14]} {[%emt 00:00:15]} Bb4 {[%clk 00:55:00]} 6. Nxc6 bxc6
{[%clk 00:54:55]} 7. Bd3 {[%clk 00:55:15]} {[%emt 00:00:05]} d5 {[%clk
00:54:33]} {[%emt 00:00:26]} 8. exd5 {[%clk 00:55:13]} {[%emt 00:00:08]} cxd5
{[%clk 00:54:28]} {[%emt 00:00:09]} 9. O-O {[%clk 00:55:13]} {[%emt 00:00:06]}
h6 {[%clk 00:54:14]} {[%emt 00:00:19]} 10. Bb5+ {[%clk 00:54:51]} {[%emt
00:00:28]} Bd7 {[%clk 00:53:45]} {[%emt 00:00:33]} 11. Re1+ {[%clk 00:54:34]}
{[%emt 00:00:23]} Be7 {[%clk 00:52:56]} {[%emt 00:00:53]} 12. Bxd7+ {[%clk
00:53:07]} {[%emt 00:01:33]} Qxd7 {[%clk 00:52:47]} {[%emt 00:00:13]} 13. Be3
{[%clk 00:50:57]} {[%emt 00:02:15]} O-O {[%clk 00:52:11]} {[%emt 00:00:41]} 14.
Bd4 {[%clk 00:50:04]} {[%emt 00:00:58]} c5 {[%clk 00:51:03]} {[%emt 00:01:13]}
15. Bxf6 {[%clk 00:49:08]} {[%emt 00:01:00]} Bxf6 {[%emt 00:00:17]} 16. Nxd5
{[%emt 00:00:08]} Bd4 {[%clk 00:49:37]} {[%emt 00:01:07]} 17. Ne7+ {[%clk
00:48:27]} {[%emt 00:00:45]} Kh8 {[%clk 00:48:23]} {[%emt 00:01:19]} 18. c3
{[%clk 00:48:09]} {[%emt 00:00:24]} Rfe8 {[%clk 00:48:15]} {[%emt 00:00:12]}
19. cxd4 {[%clk 00:46:30]} {[%emt 00:01:45]} Rxe7 {[%clk 00:48:02]} {[%emt
00:00:17]} 20. dxc5 {[%clk 00:46:13]} {[%emt 00:00:23]} Rxe1+ {[%clk 00:47:11]}
{[%emt 00:00:56]} 21. Qxe1 {[%clk 00:46:10]} {[%emt 00:00:08]} Qb5 {[%clk
00:47:01]} {[%emt 00:00:15]} 22. Qc3 {[%clk 00:44:29]} {[%emt 00:01:47]} Rd8
{[%clk 00:45:38]} {[%emt 00:01:27]} 23. c6 {[%clk 00:42:50]} {[%emt 00:01:44]}
Qe2 {[%clk 00:44:14]} {[%emt 00:01:29]} 24. h3 {[%clk 00:42:38]} {[%emt
00:00:17]} Rc8 {[%clk 00:42:46]} {[%emt 00:01:33]} 25. c7 {[%clk 00:41:37]}
{[%emt 00:01:06]} Qe7 {[%clk 00:41:00]} {[%emt 00:01:51]} 26. Rc1 {[%clk
00:41:00]} {[%emt 00:00:41]} Qe6 {[%clk 00:39:49]} {[%emt 00:01:16]} 27. Qd4
{[%clk 00:39:53]} {[%emt 00:01:13]} Qxa2 {[%clk 00:37:41]} {[%emt 00:02:13]}
28. Qd8+ {[%clk 00:39:42]} {[%emt 00:00:16]} Rxd8 {[%clk 00:37:30]} {[%emt
00:00:16]} 29. cxd8=Q+ {[%emt 00:00:09]} Kh7 {[%emt 00:00:30]} 30. Qd3+ {[%clk
00:39:08]} g6 {[%clk 00:36:53]} {[%emt 00:00:42]} 31. Qc4 {[%clk 00:38:52]}
{[%emt 00:00:20]} Qxb2 {[%clk 00:35:41]} {[%emt 00:01:18]} 32. Qxf7+ {[%emt
00:00:16]} Qg7 {[%emt 00:00:02]} 33. Qxg7+ {[%emt 00:00:13]} Kxg7 {[%clk
00:35:17]} {[%emt 00:00:11]} 34. Rc7+ {[%clk 00:38:46]} {[%emt 00:00:03]} Kf6
{[%clk 00:35:17]} {[%emt 00:00:04]} 35. Rxa7 {[%clk 00:38:47]} {[%emt
00:00:05]} Kf5 {[%emt 00:00:32]} 36. g4+ {[%emt 00:00:22]} Kg5 {[%clk
00:33:53]} {[%emt 00:00:34]} 37. Kg2 {[%clk 00:38:24]} {[%emt 00:00:29]} Kh4
{[%clk 00:33:46]} {[%emt 00:00:10]} 38. Ra6 {[%clk 00:38:10]} {[%emt 00:00:21]}
h5 {[%clk 00:32:34]} {[%emt 00:01:17]} 39. Rxg6 {[%clk 00:38:07]} {[%emt
00:00:08]} hxg4 {[%clk 00:32:04]} {[%emt 00:00:35]} 40. Rxg4+ {[%clk 00:38:10]}
{[%emt 00:00:02]} Kh5 {[%clk 00:31:33]} {[%emt 00:00:36]} 41. f4 {[%clk
00:38:14]} {[%emt 00:00:02]} Kh6 {[%clk 00:30:59]} {[%emt 00:00:38]} 42. f5
{[%clk 00:38:15]} {[%emt 00:00:05]} Kh5 {[%clk 00:30:47]} {[%emt 00:00:16]} 43.
f6 {[%clk 00:38:15]} {[%emt 00:00:05]} Kh6 {[%clk 00:30:48]} {[%emt 00:00:03]}
44. f7 {[%clk 00:38:17]} {[%emt 00:00:04]} Kh7 {[%clk 00:30:46]} {[%emt
00:00:06]} 45. f8=R {[%clk 00:38:16]} {[%emt 00:00:07]} 1-0

[Event "DVM U10 2020"]
[Site "Magdeburg GER"]
[Date "2021.08.07"]
[Round "5"]
[White "Malinowsky, Levi"]
[Black "Shen, Tingrui"]
[Result "1-0"]
[Termination "normal"]
[Board "2.1"]
[WhiteElo "1593"]
[BlackElo "1561"]
[WhiteClock "00:14:25"]
[BlackClock "00:13:11"]
[WhiteTeam "SK Doppelbauer Kiel"]
[BlackTeam "TV Tegernsee"]
[PlyCount "61"]
[WhiteFideId "16253094"]
[BlackFideId "34603441"]
[EventCountry "GER"]
[EventRounds "7"]
[EventType "team-swiss"]
[EventDate "2021.08.06"]

1. e4 {[%clk 00:55:05]} {[%emt 00:00:05]} c5 {[%clk 00:55:00]} {[%emt
00:00:09]} 2. d3 {[%clk 00:54:54]} {[%emt 00:00:17]} Nc6 {[%clk 00:54:39]}
{[%emt 00:00:26]} 3. f4 {[%clk 00:54:43]} {[%emt 00:00:16]} g6 {[%clk
00:54:21]} {[%emt 00:00:22]} 4. Be2 {[%clk 00:54:25]} {[%emt 00:00:24]} Bg7
{[%clk 00:54:13]} {[%emt 00:00:11]} 5. Nf3 {[%clk 00:54:00]} {[%emt 00:00:30]}
e6 {[%clk 00:53:36]} {[%emt 00:00:44]} 6. O-O {[%clk 00:53:16]} {[%emt
00:00:49]} Nge7 {[%clk 00:53:04]} {[%emt 00:00:36]} 7. c3 {[%clk 00:52:53]}
{[%emt 00:00:29]} O-O {[%clk 00:51:10]} {[%emt 00:01:58]} 8. Be3 {[%clk
00:52:04]} {[%emt 00:00:54]} d6 {[%clk 00:50:35]} {[%emt 00:00:39]} 9. Nbd2
{[%clk 00:51:45]} {[%emt 00:00:25]} Rb8 {[%clk 00:49:37]} {[%emt 00:01:02]} 10.
Qe1 {[%clk 00:50:07]} {[%emt 00:01:45]} b5 {[%clk 00:49:08]} {[%emt 00:00:32]}
11. a3 {[%clk 00:46:24]} {[%emt 00:03:50]} a5 {[%clk 00:47:45]} {[%emt
00:01:27]} 12. Qh4 {[%clk 00:44:56]} {[%emt 00:01:34]} Bd7 {[%clk 00:45:18]}
{[%emt 00:02:32]} 13. Ng5 {[%clk 00:41:24]} {[%emt 00:03:37]} h6 {[%clk
00:44:36]} {[%emt 00:00:46]} 14. Nh3 {[%clk 00:39:14]} {[%emt 00:02:16]} f5
{[%clk 00:42:56]} {[%emt 00:01:44]} 15. g4 {[%clk 00:36:34]} {[%emt 00:02:45]}
fxg4 {[%clk 00:40:30]} {[%emt 00:02:31]} 16. Bxg4 {[%clk 00:35:29]} {[%emt
00:01:10]} b4 {[%clk 00:35:35]} {[%emt 00:04:59]} 17. axb4 {[%clk 00:34:30]}
{[%emt 00:01:06]} axb4 {[%clk 00:34:06]} {[%emt 00:01:32]} 18. Rac1 {[%clk
00:34:13]} {[%emt 00:00:24]} Nc8 {[%clk 00:32:02]} {[%emt 00:02:08]} 19. Qg3
{[%clk 00:33:28]} {[%emt 00:00:50]} Kh7 {[%clk 00:31:10]} {[%emt 00:00:57]} 20.
Nf3 {[%clk 00:31:14]} {[%emt 00:02:19]} Bf6 {[%clk 00:28:36]} {[%emt 00:02:38]}
21. Kh1 {[%clk 00:24:40]} {[%emt 00:06:41]} Nb6 {[%clk 00:26:57]} {[%emt
00:01:43]} 22. f5 {[%clk 00:22:28]} {[%emt 00:02:18]} exf5 {[%clk 00:24:02]}
{[%emt 00:02:58]} 23. exf5 {[%clk 00:21:16]} {[%emt 00:01:18]} Bxf5 {[%clk
00:23:41]} {[%emt 00:00:25]} 24. Bxf5 {[%clk 00:20:39]} {[%emt 00:00:43]} gxf5
{[%clk 00:23:18]} {[%emt 00:00:28]} 25. Nf4 {[%clk 00:19:09]} {[%emt 00:01:36]}
Qe8 {[%clk 00:21:17]} {[%emt 00:02:04]} 26. Qh3 {[%clk 00:17:41]} {[%emt
00:01:35]} Bg7 {[%clk 00:20:35]} {[%emt 00:00:46]} 27. Ng5+ {[%clk 00:16:35]}
{[%emt 00:01:12]} Kg8 {[%clk 00:18:40]} {[%emt 00:01:59]} 28. Nge6 {[%clk
00:15:55]} {[%emt 00:00:46]} Rb7 {[%clk 00:15:54]} {[%emt 00:02:50]} 29. Nxf8
{[%clk 00:15:32]} {[%emt 00:00:27]} Qxf8 {[%clk 00:14:50]} {[%emt 00:01:08]}
30. Ne6 {[%clk 00:14:54]} {[%emt 00:00:45]} Qf6 {[%clk 00:13:11]} {[%emt
00:01:43]} 31. Rxf5 {[%clk 00:14:25]} {[%emt 00:00:35]} 1-0

[Event "DVM U10 2020"]
[Site "Magdeburg GER"]
[Date "2021.08.07"]
[Round "5"]
[White "Limmer, Marco"]
[Black "Farokhi, Darian"]
[Result "1/2-1/2"]
[Termination "normal"]
[Board "2.2"]
[WhiteElo "1352"]
[BlackElo "1182"]
[WhiteClock "00:12:18"]
[BlackClock "00:19:41"]
[WhiteTeam "TV Tegernsee"]
[BlackTeam "SK Doppelbauer Kiel"]
[PlyCount "63"]
[WhiteFideId "34603506"]
[BlackFideId "16253108"]
[EventCountry "GER"]
[EventRounds "7"]
[EventType "team-swiss"]
[EventDate "2021.08.06"]

1. e4 {[%clk 00:55:09]} e5 {[%clk 00:55:02]} {[%emt 00:00:09]} 2. Nf3 {[%clk
00:55:09]} {[%emt 00:00:05]} Nc6 {[%clk 00:54:59]} {[%emt 00:00:07]} 3. Bc4
{[%clk 00:55:11]} {[%emt 00:00:04]} Nf6 {[%clk 00:54:56]} {[%emt 00:00:07]} 4.
d3 {[%clk 00:55:05]} {[%emt 00:00:12]} h6 {[%clk 00:54:55]} {[%emt 00:00:05]}
5. c3 {[%clk 00:54:12]} {[%emt 00:00:58]} d6 {[%clk 00:54:51]} {[%emt
00:00:10]} 6. Bb3 {[%clk 00:53:19]} {[%emt 00:00:57]} g5 {[%clk 00:54:31]}
{[%emt 00:00:25]} 7. h3 {[%clk 00:52:18]} {[%emt 00:01:06]} Bg7 {[%clk
00:54:26]} {[%emt 00:00:10]} 8. Nbd2 {[%clk 00:51:48]} {[%emt 00:00:36]} Ne7
{[%clk 00:53:13]} {[%emt 00:01:17]} 9. Nf1 {[%clk 00:50:35]} {[%emt 00:01:18]}
Be6 {[%clk 00:49:39]} {[%emt 00:03:39]} 10. Ng3 {[%clk 00:48:11]} {[%emt
00:02:29]} c6 {[%clk 00:49:07]} {[%emt 00:00:37]} 11. Bxe6 {[%clk 00:44:09]}
{[%emt 00:04:07]} fxe6 {[%clk 00:49:01]} {[%emt 00:00:11]} 12. Nh2 {[%clk
00:42:28]} {[%emt 00:01:45]} Qd7 {[%clk 00:44:46]} {[%emt 00:04:20]} 13. Nh5
{[%clk 00:41:25]} {[%emt 00:01:09]} Ng6 {[%clk 00:43:54]} {[%emt 00:00:58]} 14.
Nxg7+ {[%clk 00:38:13]} {[%emt 00:03:17]} Qxg7 {[%clk 00:43:50]} {[%emt
00:00:08]} 15. Ng4 {[%clk 00:36:09]} {[%emt 00:02:09]} O-O-O {[%clk 00:43:09]}
{[%emt 00:00:46]} 16. Be3 {[%clk 00:33:08]} {[%emt 00:03:07]} Kb8 {[%clk
00:41:59]} {[%emt 00:01:14]} 17. Qa4 {[%clk 00:30:52]} {[%emt 00:02:21]} a6
{[%clk 00:41:21]} {[%emt 00:00:44]} 18. Nxf6 {[%clk 00:29:18]} {[%emt
00:01:38]} Qxf6 {[%clk 00:41:13]} {[%emt 00:00:12]} 19. O-O-O {[%clk 00:28:24]}
{[%emt 00:01:00]} Nf4 {[%clk 00:40:46]} {[%emt 00:00:32]} 20. g3 {[%clk
00:27:24]} {[%emt 00:01:05]} Ng6 {[%clk 00:40:11]} {[%emt 00:00:39]} 21. Rhf1
{[%clk 00:23:42]} {[%emt 00:03:47]} h5 {[%clk 00:37:28]} {[%emt 00:02:49]} 22.
Qc2 {[%emt 00:02:45]} Rh7 {[%clk 00:34:16]} {[%emt 00:03:15]} 23. Qd2 {[%clk
00:20:08]} {[%emt 00:01:00]} Qf3 {[%clk 00:30:11]} {[%emt 00:04:10]} 24. Bxg5
{[%clk 00:19:00]} {[%emt 00:01:14]} Rdh8 {[%clk 00:30:02]} {[%emt 00:00:13]}
25. Qe3 {[%clk 00:18:28]} {[%emt 00:00:38]} Qf7 {[%clk 00:28:22]} {[%emt
00:01:44]} 26. f4 {[%clk 00:17:22]} {[%emt 00:01:13]} exf4 {[%clk 00:27:14]}
{[%emt 00:01:12]} 27. Bxf4 {[%clk 00:17:14]} {[%emt 00:00:12]} Qd7 {[%clk
00:26:25]} {[%emt 00:00:54]} 28. Bg5 {[%clk 00:16:01]} {[%emt 00:01:20]} e5
{[%clk 00:25:58]} {[%emt 00:00:32]} 29. h4 {[%clk 00:15:11]} {[%emt 00:00:54]}
Rf7 {[%clk 00:21:26]} {[%emt 00:04:37]} 30. Qe2 {[%clk 00:13:47]} {[%emt
00:01:30]} Rhf8 {[%clk 00:20:57]} {[%emt 00:00:33]} 31. Bh6 {[%clk 00:12:21]}
{[%emt 00:01:31]} Rxf1 {[%clk 00:19:41]} {[%emt 00:01:20]} 32. Rxf1 {[%clk
00:12:18]} {[%emt 00:00:09]} 1/2-1/2